| 000 | 00677cam a22002053a 4500 | ||
|---|---|---|---|
| 001 | 39154 | ||
| 003 | PGUSA | ||
| 005 | 20140828083853.0 | ||
| 008 | 120315s2012||||xxu|||||s|||||000 | eng d | ||
| 040 |
_aPGUSA _beng |
||
| 042 | _adc | ||
| 100 | 1 |
_aMcMurry, Charles A. _q(Charles Alexander), _d1857-1929 |
|
| 245 | 1 | 0 |
_aSpecial Method in the Reading of Complete English Classics : _bIn the Grades of the Common School _h[electronic resource] / _cCharles A. McMurry |
| 260 |
_bProject Gutenberg, _c2012 |
||
| 506 | _aPublic domain in the USA. | ||
| 516 | _aElectronic text | ||
| 830 | 0 |
_aProject Gutenberg _v39154 |
|
| 856 | 4 | 0 | _uhttp://www.gutenberg.org/ebooks/39154 |
| 942 | _cEB | ||
| 999 |
_c268407 _d268407 |
||